<?xml version="1.0" encoding="UTF-8"?><?xml-stylesheet type="text/xsl" href="static/style.xsl"?><OAI-PMH xmlns="http://www.openarchives.org/OAI/2.0/" xmlns:xsi="http://www.w3.org/2001/XMLSchema-instance" xsi:schemaLocation="http://www.openarchives.org/OAI/2.0/ http://www.openarchives.org/OAI/2.0/OAI-PMH.xsd"><responseDate>2026-04-13T15:17:17Z</responseDate><request verb="GetRecord" identifier="oai:www.recercat.cat:10459.1/69347" metadataPrefix="marc">https://recercat.cat/oai/request</request><GetRecord><record><header><identifier>oai:recercat.cat:10459.1/69347</identifier><datestamp>2024-12-05T21:30:18Z</datestamp><setSpec>com_2072_3622</setSpec><setSpec>col_2072_479130</setSpec></header><metadata><record xmlns="http://www.loc.gov/MARC21/slim" xmlns:dcterms="http://purl.org/dc/terms/" xmlns:xsi="http://www.w3.org/2001/XMLSchema-instance" xmlns:doc="http://www.lyncode.com/xoai" xsi:schemaLocation="http://www.loc.gov/MARC21/slim http://www.loc.gov/standards/marcxml/schema/MARC21slim.xsd">
   <leader>00925njm 22002777a 4500</leader>
   <datafield ind2=" " ind1=" " tag="042">
      <subfield code="a">dc</subfield>
   </datafield>
   <datafield ind2=" " ind1=" " tag="720">
      <subfield code="a">Llurda, Enric</subfield>
      <subfield code="e">author</subfield>
   </datafield>
   <datafield ind2=" " ind1=" " tag="720">
      <subfield code="a">Gallego Balsà, Lídia</subfield>
      <subfield code="e">author</subfield>
   </datafield>
   <datafield ind2=" " ind1=" " tag="720">
      <subfield code="a">Barahona, Clàudia</subfield>
      <subfield code="e">author</subfield>
   </datafield>
   <datafield ind2=" " ind1=" " tag="720">
      <subfield code="a">Martin-Rubió, Xavier</subfield>
      <subfield code="e">author</subfield>
   </datafield>
   <datafield ind2=" " ind1=" " tag="260">
      <subfield code="c">2020-07-21T11:34:27Z</subfield>
   </datafield>
   <datafield ind2=" " ind1=" " tag="260">
      <subfield code="c">2020-07-21T11:34:27Z</subfield>
   </datafield>
   <datafield ind2=" " ind1=" " tag="260">
      <subfield code="c">2016</subfield>
   </datafield>
   <datafield ind2=" " ind1=" " tag="520">
      <subfield code="a">The Erasmus student mobility programme allocates three explicit objectives to the experience of spending a few months studying in another European country: (1) to benefit students educationally, linguistically and culturally; (2) to promote co-operation between institutions and (3) to contribute to the development of a pool of well-qualified, open-minded and internationally experienced future professionals [European Commission. 1996. The Obstacles to Transnational Mobility. Green Paper. http://aei.pitt.edu/1226/1/education_mobility_obstacles_gp_COM_96_462.pdf (accessed April, 2015)]. The programme has also sometimes been referred to as one of the most powerful tools of European integration. However, little research has so far been undertaken on how it may alter students’ attitudes towards aspects of European identity and sense of European citizenship. Our study investigates the extent to which the Erasmus experience affects the sense of self as European citizens of a cohort of students from the University of Lleida (Catalonia, Spain). It also explores the students’ position towards the notion of European citizenship and how this relates to the development of their plurilingual competence. Two questionnaires, one before and one after the study-abroad experience, provided quantitative data while qualitative data were obtained through the analysis of discussion groups focusing on aspects of European vs. national identity and citizenship.</subfield>
   </datafield>
   <datafield ind2=" " ind1=" " tag="520">
      <subfield code="a">The research on which this article is based was supported by: (1) Research grant [FFI2012-35834], Ministerio de Economía y Competitividad, Interculturalidad, ciudadanía europea e ingleś como lingua franca: entre las políticas y las prácticas en los programas de movilidad internacional universitaria, January 2013–June 2016, and (2) the Agència de Gestió d’Ajuts Universitaris i de Recerca de la Generaliat de Catalunya [2014SGR 1061]</subfield>
   </datafield>
   <datafield ind1="8" ind2=" " tag="024">
      <subfield code="a">http://hdl.handle.net/10459.1/69347</subfield>
   </datafield>
   <datafield tag="653" ind2=" " ind1=" ">
      <subfield code="a">European citizenship</subfield>
   </datafield>
   <datafield tag="653" ind2=" " ind1=" ">
      <subfield code="a">Identity</subfield>
   </datafield>
   <datafield tag="653" ind2=" " ind1=" ">
      <subfield code="a">Student mobility</subfield>
   </datafield>
   <datafield tag="653" ind2=" " ind1=" ">
      <subfield code="a">Study abroad</subfield>
   </datafield>
   <datafield tag="653" ind2=" " ind1=" ">
      <subfield code="a">Erasmus</subfield>
   </datafield>
   <datafield ind2="0" ind1="0" tag="245">
      <subfield code="a">Erasmus student mobility and the construction of European citizenship</subfield>
   </datafield>
</record></metadata></record></GetRecord></OAI-PMH>